Sports Quiz

Random Sports or Tennis Quiz

The best of Women's tennis in 2001 Quiz Stats

 Plays Quiz not verified by Sporcle

Challenge
Share
Tweet
Embed
Score 0/90 Timer 06:00
0 Plays Today
Hint Answer % Correct
Australian Open Singles Runner-up (SUI)Martina Hingis
96.9%
French Open Singles Semifinalist (SUI)Martina Hingis
96.9%
US Open Singles Semifinalist (SUI)Martina Hingis
96.9%
Sydney Champion (SUI)Martina Hingis
96.9%
Doha Champion (SUI)Martina Hingis
96.9%
Dubai Champion (SUI)Martina Hingis
96.9%
French Open Singles Semifinalist (BEL)Justine Henin
96.3%
Wimbledon Singles Runner-up (BEL)Justine Henin
96.3%
Gold Coast Champion (BEL)Justine Henin
96.3%
Canberra Champion (BEL)Justine Henin
96.3%
's-Hertogenbosch Champion (BEL)Justine Henin
96.3%
Australian Open Singles Semifinalist (USA1)Venus Williams
95.7%
French Open Singles Runner-up (BEL)Kim Clijsters
95.7%
Wimbledon Singles Champion (USA)Venus Williams
95.7%
US Open Singles Champion (USA)Venus Williams
95.7%
US Open Singles Runner-up (USA)Serena Williams
95.7%
WTA Finals Singles Champion (USA)Serena Williams
95.7%
Indian Wells Champion (USA)Serena Williams
95.7%
Miami Champion (USA)Venus Williams
95.7%
Hamburg Champion (USA)Venus Williams
95.7%
Stanford Champion (BEL)Kim Clijsters
95.7%
San Diego Champion (USA)Venus Williams
95.7%
Toronto Champion (USA)Serena Williams
95.7%
New Haven Champion (USA)Venus Williams
95.7%
Leipzig Champion (BEL)Kim Clijsters
95.7%
Luxembourg Champion (BEL)Kim Clijsters
95.7%
Australian Open Doubles Champions (USA/USA)Serena & Venus Williams
95%
Australian Open Singles Semifinalist (USA2)Lindsay Davenport
94.4%
Wimbledon Singles Semifinalist (USA2)Lindsay Davenport
94.4%
WTA Finals Singles Runner-up (USA)Lindsay Davenport
94.4%
Hint Answer % Correct
Tokyo (Pan Pacific) Champion (USA)Lindsay Davenport
94.4%
Scottsdale Champion (USA)Lindsay Davenport
94.4%
Eastbourne Champion (USA)Lindsay Davenport
94.4%
Manhattan Beach Champion (USA)Lindsay Davenport
94.4%
Filderstadt Champion (USA)Lindsay Davenport
94.4%
Zürich Champion (USA)Lindsay Davenport
94.4%
Linz Champion (USA)Lindsay Davenport
94.4%
Australian Open Singles Champion (USA)Jennifer Capriati
93.8%
French Open Singles Champion (USA)Jennifer Capriati
93.8%
Wimbledon Singles Semifinalist (USA1)Jennifer Capriati
93.8%
US Open Singles Semifinalist (USA)Jennifer Capriati
93.8%
Charleston Champion (USA)Jennifer Capriati
93.8%
Paris Champion (FRA)Amélie Mauresmo
87%
Nice Champion (FRA)Amélie Mauresmo
87%
Amelia Island Champion (FRA)Amélie Mauresmo
87%
Berlin Champion (FRA)Amélie Mauresmo
87%
Porto Champion (ESP)Arantxa Sánchez Vicario
84.5%
Madrid Champion (ESP)Arantxa Sánchez Vicario
84.5%
Oklahoma City Champion (USA)Monica Seles
82.6%
Bahia Champion (USA)Monica Seles
82.6%
Tokyo (Japan Open) Champion (USA)Monica Seles
82.6%
Shanghai Champion (USA)Monica Seles
82.6%
Hopman Cup Runner-upUSA
81.4%
French Open Doubles Champions (ESP/ARG)Virginia Ruano Pascual & Paola Suárez
78.9%
WTA Finals Doubles Runners-up (ZIM/RUS)Cara Black & Elena Likhovtseva
77.6%
Wimbledon Doubles Champions (USA/AUS)Lisa Raymond & Rennae Stubbs
77%
US Open Doubles Champions (USA/AUS)Lisa Raymond & Rennae Stubbs
77%
WTA Finals Doubles Champions (USA/AUS)Lisa Raymond & Rennae Stubbs
77%
Bogotá Champion (ARG)Paola Suárez
75.2%
Birmingham Champion (FRA)Nathalie Tauziat
72.7%
Hint Answer % Correct
US Open Mixed Doubles Champions (AUS/AUS)Rennae Stubbs & Todd Woodbridge
72%
Wimbledon Mixed Doubles Champions (SVK/CZE)Daniela Hantuchová & Leoš Friedl
70.2%
Acapulco Champion (RSA)Amanda Coetzer
70.2%
French Open Mixed Doubles Champions (ESP/ESP)Virginia Ruano Pascual & Tomás Carbonell
69.6%
Rome Champion (FRY)Jelena Dokić
69.6%
Tokyo (Princess Cup) Champion (FRY)Jelena Dokić
69.6%
Moscow Champion (FRY)Jelena Dokić
69.6%
Strasbourg Champion (ITA)Silvia Farina-Elia
68.3%
Fed Cup Runner-upRussia
67.7%
Pattaya City Champion (SUI)Patty Schnyder
67.7%
Budapest Champion (BUL)Magdalena Maleeva
67.1%
Fed Cup ChampionBelgium
66.5%
Québec City Champion (USA)Meghann Shaughnessy
59.6%
Waikoloa Champion (FRA)Sandrine Testud
57.8%
Hopman Cup ChampionSwitzerland
54.7%
Auckland Champion (USA)Meilen Tu
54%
Vienna Champion (UZB)Iroda Tulyaganova
50.9%
Knokke-Heist Champion (UZB)Iroda Tulyaganova
50.9%
Australian Open Mixed Doubles Champions (USA/RSA)Corina Morariu & Ellis Ferreira
49.1%
Palermo Champion (ESP)Anabel Medina Garrigues
46.6%
Bali Champion (INA)Angelique Widjaja
42.9%
Hobart Champion (ITA)Rita Grande
41%
Bratislava Champion (ITA)Rita Grande
41%
Estoril Champion (ESP)Ángeles Montolio
33.5%
Bol Champion (ESP)Ángeles Montolio
33.5%
Antwerp Champion (GER)Barbara Rittner
31.1%
Tashkent Champion (GER)Bianka Lamade
27.3%
Sopot Champion (ESP)Cristina Torrens Valero
26.1%
Casablanca Champion (HUN)Zsófia Gubacsi
26.1%
Basel Champion (CZE)Adriana Gerši
23%

You're not logged in!

Compare scores with friends on all Sporcle quizzes.
OR
Log In

You Might Also Like...

Show Comments

Extras

Top Quizzes Today


Score Distribution

Your Account Isn't Verified!

In order to create a playlist on Sporcle, you need to verify the email address you used during registration. Go to your Sporcle Settings to finish the process.

Report this User

Report this user for behavior that violates our Community Guidelines.

Details: